The doctors book of home remedies for women / (Record no. 134941)

MARC details
000 -LEADER
fixed length control field 00783nam a22002537a 4500
003 - CONTROL NUMBER IDENTIFIER
control field dpl
005 - DATE AND TIME OF LATEST TRANSACTION
control field 20180606132603.0
008 - FIXED-LENGTH DATA ELEMENTS--GENERAL INFORMATION
fixed length control field 180606b xxu||||| |||| 00| 0 eng d
010 ## - LIBRARY OF CONGRESS CONTROL NUMBER
LC control number A-869652
020 ## - INTERNATIONAL STANDARD BOOK NUMBER
Terms of availability $ 27.95
International Standard Book Number 9780875963433
035 ## - SYSTEM CONTROL NUMBER
System control number A-869652, A-861750
037 ## - SOURCE OF ACQUISITION
Source of stock number/acquisition Cen Lib/Ret
040 ## - CATALOGING SOURCE
Original cataloging agency DPL
Language of cataloging EN
Transcribing agency 0
082 ## - DEWEY DECIMAL CLASSIFICATION NUMBER
Classification number 613.04244
Item number DOC
245 ## - TITLE STATEMENT
Title The doctors book of home remedies for women /
Statement of responsibility, etc edited by Sharon Faelten
260 ## - PUBLICATION, DISTRIBUTION, ETC. (IMPRINT)
Place of publication, distribution, etc Pennsylvania
Name of publisher, distributor, etc Rodale Press
Date of publication, distribution, etc 1997
270 ## - ADDRESS
Address Pennsylvania
City Pennsylvania
300 ## - PHYSICAL DESCRIPTION
Extent xxvii,612p.
Other physical details 23cm(Hb)
500 ## - GENERAL NOTE
General note Includes index
650 ## - SUBJECT ADDED ENTRY--TOPICAL TERM
Topical term or geographic name as entry element Women- Health and Hygiene
9 (RLIN) 20691
650 ## - SUBJECT ADDED ENTRY--TOPICAL TERM
Topical term or geographic name as entry element Self Care - Health
9 (RLIN) 19211
700 ## - ADDED ENTRY--PERSONAL NAME
Personal name Faelten, Sharon
9 (RLIN) 107449
942 ## - ADDED ENTRY ELEMENTS (KOHA)
Source of classification or shelving scheme Dewey Decimal Classification
Koha item type English Books
Classification part 613.04244
Call number prefix DOC
Holdings
Withdrawn status Lost status Damaged status Not for loan Collection code Home library Current library Date acquired Source of acquisition Cost, normal purchase price Total Checkouts Full call number Barcode Date last seen Copy number Cost, replacement price Price effective from Koha item type Source of classification or shelving scheme
      Not For Loan Reference Central Library Central Library 31/07/2015 Cen Lib/Ret 0.00   613.04244 DOC A-869652 31/07/2015 1 0.00 15/09/2016 English Books  
        Non-fiction Shahdara Branch Shahdara Branch 06/06/2018 BPPD/PUB 0.00   613.04244 A-861750 06/06/2018   0.00 06/06/2018 English Books Dewey Decimal Classification

© Delhi Public Library
Hit Counter
free hit counter